| Tag |
First Indicator |
Second Indicator |
Subfields |
| LEADER |
00000cam a2200000 a 4500 |
| 001 |
in00001099021 |
| 005 |
20150929182520.0 |
| 008 |
920228s1992 enka b 001 0 eng |
| 010 |
|
|
|a 92001488
|
| 020 |
|
|
|a 0719035651
|
| 020 |
|
|
|a 071903566X (pbk.)
|
| 035 |
|
|
|a (OCoLC)25550642
|
| 035 |
|
|
|9 AFS1492AM
|
| 040 |
|
|
|a DLC
|c DLC
|d TXA
|d UtOrBLW
|
| 041 |
1 |
|
|a eng
|h fre
|
| 043 |
|
|
|a e-fr---
|
| 049 |
|
|
|a TXAM
|
| 050 |
0 |
0 |
|a HN425
|b .B6313 1992
|
| 082 |
0 |
0 |
|a 306/.0944
|2 20
|
| 100 |
1 |
|
|a Bois, Guy.
|
| 240 |
1 |
0 |
|a Mutation de l'an mil.
|l English
|
| 245 |
1 |
4 |
|a The transformation of the year one thousand :
|b the village of Lournand from antiquity to feudalism /
|c Guy Bois ; translated by Jean Birrell.
|
| 264 |
|
1 |
|a Manchester, UK ;
|a New York :
|b Manchester University Press ;
|c [1992]
|
| 264 |
|
2 |
|a New York, NY, USA :
|b Distributed exclusively in the USA and Canada by St. Martin's Press,
|
| 264 |
|
4 |
|c ©1992
|
| 300 |
|
|
|a x, 177 pages :
|b illustrations ;
|c 23 cm.
|
| 336 |
|
|
|a text
|b txt
|2 rdacontent
|
| 337 |
|
|
|a unmediated
|b n
|2 rdamedia
|
| 338 |
|
|
|a volume
|b nc
|2 rdacarrier
|
| 500 |
|
|
|a Translation of: La mutation de l'an mil.
|
| 504 |
|
|
|a Includes bibliographical references and index.
|
| 651 |
|
0 |
|a France
|x Social conditions
|y To 987
|x Case studies.
|
| 651 |
|
0 |
|a France
|x Social conditions
|y 987-1515
|x Case studies.
|
| 651 |
|
0 |
|a Lournand (France)
|x Social conditions
|x Case studies.
|
| 650 |
|
0 |
|a Feudalism
|z France
|x Case studies.
|
| 650 |
|
0 |
|a Peasants
|z France
|x History
|x Case studies.
|
| 999 |
|
|
|a MARS
|
| 999 |
f |
f |
|s 9012c164-6cc3-3a29-866d-ddad3cace3c1
|i a595f4b1-33f7-3581-9f72-b01758263568
|t 0
|
| 952 |
f |
f |
|p ric
|a Texas A&M University
|b Rellis Campus
|c Joint Library Facility
|d Remote Storage
|t 0
|e HN425 .B6313 1992
|h Library of Congress classification
|i unmediated -- volume
|m A14816391929
|
| 998 |
f |
f |
|a HN425 .B6313 1992
|t 0
|l Remote Storage
|